Managing intergroup conflict in industry
| Main Author: | |
|---|---|
| Other Authors: | , |
| Format: | Book |
| Published: |
Houston :
Gulf Publishing Co. ,
1964
|
| Subjects: |
MARC
| LEADER | 00000cam a2200000 7i4500 | ||
|---|---|---|---|
| 001 | 0000002042 | ||
| 005 | 20050430.0 | ||
| 020 | |a 0872013758 | ||
| 040 | |a INS | ||
| 090 | 0 | 0 | |a HD6971. |b B56 1964 |
| 100 | 1 | |a Blake, Robert R. | |
| 245 | 1 | 0 | |a Managing intergroup conflict in industry |c Robert R. Blake, Herbert A. Shhepard and Jane S. Mouton |
| 260 | |a Houston : |b Gulf Publishing Co. , |c 1964 | ||
| 300 | |a xiii, 210p ; |c 21 cm. | ||
| 650 | 0 | 0 | |a Industrial management |
| 700 | 1 | |a Mouton, Jane | |
| 700 | 1 | |a Shepart, Herbert A. | |
| 999 | |a 0000000474 |b BOOK |c Open Shelf |e Default branch | ||